000 00328nam a22001457a 4500
008 181122b xxu||||| |||| 00| 0 eng d
020 _a0534031544
041 _aeng
080 _a610.73
082 _a610.73
100 _a1-2
101 _aINF
245 _aClinical Nursing Procedures
_cWells.K.H.B.M.A
942 _2udc
_cBK
999 _c52366
_d52366